000 00880nam a22002537a 4500
001 288
003 FISKH
005 20230822152139.0
008 230316b cb ||||| |||| 00| 0 eng d
040 _aFISKH
_beng
_cFISKH
_dFISKH
050 _aPZ7.L58474
082 _a823.912
100 _aLewis, C. S.
_d1898-1963.
_qClive Staples
245 _aThe lion the witch and the wardrobe /
_cC. S. Lewis.
260 _aCroydon :
_bHarper Collins,
_c2015
300 _a171 p.
_c18 cm.
490 _aThe chronicles of Narnia ;
_vBook 2
505 _aQ
520 _aFour English schoolchildren find their way through the back of a wardrobe into the magic land of Narnia and assist Aslan, the golden lion, to triumph over the White Witch, who has cursed the land with eternal winter.
521 8 _a940
_bLexile
521 8 _aQ
_bRaz-Plus
650 _afantasy
942 _2ddc
_cBK
_n0
999 _c288
_d288